Statistics for 石川県の市町村 (2000年)

Click here to take the quiz!

General Stats

  • This quiz has been taken 27 times
    (14 since last reset)
  • The average score is 31 of 41

Answers on the Map

Answers color-coded by a green-red scale on the quiz's map according to % correct below.
 

Answer Stats

ヒント市町村名% Correct
金沢市かなざわし
100%
小松市こまつし
100%
輪島市わじまし
100%
加賀市かがし
100%
松任市まっとうし
100%
七尾市ななおし
100%
石川郡野々市町ののいちまち
100%
鹿島郡能登島町のとじままち
89%
珠洲市すずし
89%
羽咋市はくいし
89%
河北郡内灘町うちなだまち
89%
河北郡津幡町つばたまち
89%
羽咋郡富来町とぎまち
78%
河北郡宇ノ気町うのけまち
78%
鹿島郡鹿島町かしままち
78%
河北郡高松町たかまつまち
78%
石川郡鶴来町つるぎまち
78%
鳳至郡穴水町あなみずまち
78%
羽咋郡志賀町しかまち
78%
石川郡美川町みかわまち
78%
能美郡川北町かわきたまち
78%
鳳至郡能都町のとまち
78%
能美郡根上町ねあがりまち
78%
江沼郡山中町やまなかまち
78%
羽咋郡志雄町しおまち
78%
鹿島郡鹿西町ろくせいまち
67%
鳳至郡門前町もんぜんまち
67%
鳳至郡柳田村やなぎだむら
67%
石川郡白峰村しらみねむら
67%
羽咋郡押水町おしみずまち
67%
河北郡七塚町ななつかまち
67%
石川郡吉野谷村よしのだにむら
67%
能美郡辰口町たつのくちまち
67%
珠洲郡内浦町うちうらまち
67%
鹿島郡田鶴浜町たつるはままち
56%
鹿島郡鳥屋町とりやまち
56%
石川郡鳥越村とりごえむら
56%
能美郡寺井町てらいまち
56%
石川郡河内村かわちむら
44%
鹿島郡中島町なかじままち
33%
石川郡尾口村おぐちむら
22%

Score Distribution

Percentile by Number Answered

Percent of People with Each Score

Your Score History

You have not taken this quiz since the last reset